Detalles MARC
| 000 -CABECERA |
| campo de control de longitud fija |
02886nam a2200313 i 4500 |
| 001 - NÚMERO DE CONTROL |
| campo de control |
16836 |
| 003 - IDENTIFICADOR DEL NÚMERO DE CONTROL |
| campo de control |
DO-SdUEMH |
| 005 - FECHA Y HORA DE LA ÚLTIMA TRANSACCIÓN |
| campo de control |
20260216202741.0 |
| 007 - CAMPO FIJO DE DESCRIPCIÓN FÍSICA--INFORMACIÓN GENERAL |
| campo de control de longitud fija |
ta |
| 008 - DATOS DE LONGITUD FIJA--INFORMACIÓN GENERAL |
| campo de control de longitud fija |
211105s2001||||mx a|||gr|||| 0|| | spa d |
| 020 ## - NÚMERO INTERNACIONAL ESTÁNDAR DEL LIBRO |
| Número Internacional Estándar del Libro |
970103368 |
| 040 ## - FUENTE DE LA CATALOGACIÓN |
| Centro catalogador/agencia de origen |
DO-SdUEMH |
| Lengua de catalogación |
spa |
| Normas de descripción |
rda |
| 041 ## - CÓDIGO DE LENGUA |
| Código de lengua del texto/banda sonora o título independiente |
spa |
| 082 14 - NÚMERO DE LA CLASIFICACIÓN DECIMAL DEWEY |
| Número de clasificación |
570 S689B 2001 |
| Colección |
Colección General |
| Número de documento/Ítem |
S689 |
| 084 ## - OTRO NÚMERO DE CLASIFICACIÓN |
| Item number |
13-00150 |
| 100 #1 - ENTRADA PRINCIPAL--NOMBRE DE PERSONA |
| Nombre de persona |
Solomon, Eldra Pearl |
| Término indicativo de función/relación |
autor |
| 245 #0 - MENCIÓN DE TÍTULO |
| Título |
Biología / |
| Mención de responsabilidad, etc. |
Eldra Pearl Solomon |
| 250 ## - MENCIÓN DE EDICIÓN |
| Mención de edición |
Quinta edición |
| 260 ## - PUBLICACIÓN, DISTRIBUCIÓN, ETC. |
| Date of publication, distribution, etc. |
2001 |
| 264 #1 - PRODUCCIÓN, PUBLICACIÓN, DISTRIBUCIÓN, FABRICACIÓN Y COPYRIGHT |
| Lugar de producción, publicación, distribución, fabricación |
México : |
| Nombre del de productor, editor, distribuidor, fabricante |
McGraw-Hill Interamericana, |
| Fecha de producción, publicación, distribución, fabricación o copyright |
2001 |
| 264 #4 - PRODUCCIÓN, PUBLICACIÓN, DISTRIBUCIÓN, FABRICACIÓN Y COPYRIGHT |
| Fecha de producción, publicación, distribución, fabricación o copyright |
©2001 |
| 300 ## - DESCRIPCIÓN FÍSICA |
| Extensión |
xxxii,1237 páginas : |
| Otras características físicas |
ilustraciones ; |
| Dimensiones |
27 cm. |
| 336 ## - TIPO DE CONTENIDO |
| Fuente |
rdacontent |
| Término de tipo de contenido |
texto |
| Código de tipo de contenido |
txt |
| 337 ## - TIPO DE MEDIO |
| Fuente |
rdamedia |
| Nombre del tipo de medio |
sin mediación |
| Código del tipo de medio |
n |
| 338 ## - TIPO DE SOPORTE |
| Fuente |
rdacarrier |
| Nombre del tipo de soporte |
volumen |
| Código del tipo de soporte |
nc |
| 505 #2 - NOTA DE CONTENIDO CON FORMATO |
| Nota de contenido con formato |
La naturaleza de la vida -- Átomos y moléculas: los fundamentos químicos de la vida -- Química de la vida: compuestos orgánicos -- Organización celular -- Membranas biológicas -- Energía y metabolismo -- Cómo producen ATP las células -- Mecanismos de liberación de energía -- Fotosíntesis: captura de energía -- Cromosomas, mitosis y meiosis -- Fundamentos de la herencia -- Ácido desoxirribonucleico: portador de la información genética -- Ácido ribonucleico y síntesis de proteínas: expresión de la información genética -- Regulación génica: control de la expresión de los genes -- Ingeniería genética -- Genética humana -- Genes y desarrollo -- Introducción a la evolución darwiniana -- Cambio evolutivo en poblaciones -- Especiación y macroevolución -- Origen e historia evolutiva de la vida -- Evolución de los primates -- Para comprender la diversidad: sistemática -- Virus y bacterias -- Reino Protista -- Reino Fungi -- Reino Plantae: plantas sin semillas -- Reino Plantae: plantas con semillas -- Reino Animalia: acelomados -- Reino Animalia: protóstomos celomados -- Reino Animalia: deuteróstomos -- Estructura, crecimiento y diferenciación de las plantas -- Estructura y función de las hojas -- Tallos y transporte en las plantas -- Raíces y nutrición mineral -- Reproducción en las plantas con flores -- Reacciones de crecimiento y regulación del crecimiento -- El cuerpo de los animales: introducción a estructura y funciones -- Protección, sostén y movimiento: piel, esqueleto y músculo -- Control neural: neuronas -- Regulación neural: sistemas nerviosos -- Recepción sensorial -- Transporte interno -- Defensa interna -- Intercambio gaseoso -- Procesamiento alimentario y nutrición -- Osmorregulación y eliminación de desechos metabólicos -- Regulación endocrina -- Reproducción -- Desarrollo -- Comportamiento animal -- Introducción a la ecología: ecología de poblaciones -- Ecología de comunidades -- Ecosistemas y biosfera -- Ecología y geografía de la vida -- El ser humano en el ambiente. |
| 942 ## - ELEMENTOS DE PUNTO DE ACCESO ADICIONAL (KOHA) |
| Fuente del sistema de clasificación o colocación |
Dewey Decimal Classification |
| Tipo de ítem Koha |
Libro |
| Suprimir en OPAC |
No |